000 00593nam a22001577a 4500
003 OSt
005 20150916105428.0
008 150916b xxu||||| |||| 00| 0 eng d
040 _cRUA
082 _aAGR CHE 2003 B028 Or.1
100 _9579
_aCHEA, SUONPISETH.
245 _aBlack peppers crop of small householders at memot district kompongcham province ដំណាំម្រេចជាលក្ខណៈគ្រួសារ នៅស្រុកមេមត់ ខេត្តកំពង់ចាម
260 _aPhnom Penh
_bRUA
_c2003
300 _a52p.
_bill.
_c29cm.
942 _2ddc
_cAGR
999 _c556
_d556